Les idéaux de l'Orient (Record no. 111090)

MARC details
000 -LEADER
campo de control de longitud fija 00566nam a2200169 4500
001 - NÚMERO DE CONTROL
campo de control 111090
003 - IDENTIFICADOR DE NÚMERO DE CONTROL
campo de control ES-MaACL
007 - CAMPO FIJO DE DESCRIPCIÓN FÍSICA--INFORMACIÓN GENERAL
campo de control de longitud fija t|
008 - DATOS DE LONGITUD FIJA--INFORMACIÓN GENERAL
campo de control de longitud fija 061121s1917 fr r ||||1| fre d
100 1# - ENTRADA PRINCIPAL--NOMBRE DE PERSONA
Nombre de persona Okakura, Kakuzo (
Fechas asociadas al nombre 1862-1913)
9 (RLIN) 86621
245 14 - MENCIÓN DEL TÍTULO
Título Les idéaux de l'Orient
Resto del título : Le réveil du Japon /
Mención de responsabilidad, etc. Okakura (Kakuzo) ; traduction de Jenny Serruys; préface de M. Auguste Gérard.
260 ## - PUBLICACIÓN, DISTRIBUCIÓN, ETC.
Lugar de publicación, distribución, etc. París :
Nombre del editor, distribuidor, etc. Payot et Cie,
Fecha de publicación, distribución, etc. 1917.
300 ## - DESCRIPCIÓN FÍSICA
Extensión 360 p. ;
Dimensiones 20 cm.
700 1# - ENTRADA AGREGADA--NOMBRE PERSONAL
Nombre de persona Serruys, Jenny.
9 (RLIN) 105839
700 1# - ENTRADA AGREGADA--NOMBRE PERSONAL
Nombre de persona Gérard, M. Auguste.
9 (RLIN) 56408
852 ## - LOCALIZACIÓN
Ubicación ES-MaACL
Número de control de estantería G-6323
Holdings
Estatus retirado Estado de pérdida Estado de daño No para préstamo Biblioteca de origen Biblioteca actual Ubicación en estantería Fecha de adquisición Fuente de adquisición Total de préstamos Signatura topográfica completa Código de barras Visto por última vez Precio de reemplazo Tipo de ítem Koha
        Biblioteca del Ateneo de Madrid Biblioteca del Ateneo de Madrid Depósito 2 17/01/2008     G-6323 1115903 23/02/2023 23/02/2023 Libro impreso